000
00421nam a2200145Ia 4500
008
100122s9999 xx 000 0 und d
082
_b
18098
_a
954.76
100
_a
टोळ दत्ता श्री
245
_a
जय बांगला
260
_b
भविरा प्रकाशन
_c
1905
300
_a
69
630
_a
जय बांगला
730
_a
जय बांगला
942
_c
BOOK
999
_c
407612
_d
407609